Hécate

Spremljeno u:
Bibliografski detalji
Glavni autor: Morales Monterríos, Roberto (autor)
Format: Knjiga
Jezik:španjolski
Izdano: Santiago LOM 2009
Izdanje:1a. ed
Serija:Colección Entre Mares
Teme:
Oznake: Dodaj oznaku
Bez oznaka, Budi prvi tko označuje ovaj zapis!

MARC

LEADER 00000nam a2200000 a 4500
001 UCH9163
003 CL-VaPUC
008 091224e20090000CL |||||||||||||||||spa|d
020 |a 9789560000798 
082 0 4 |a 861  |b MOR  |2 21 
100 |a Morales Monterríos, Roberto  |e autor  |9 546093 
245 1 0 |a Hécate 
250 |a 1a. ed 
300 |a 70 p 
942 |c BK 
945 |d 20091224 00:00:00  |a cmena 
260 |a Santiago  |b LOM  |c 2009 
650 0 |a Poesías chilenas   |9 265280 
650 0 |a Literatura chilena   |9 308278 
583 |a last modification  |c 20091224 00:00:00  |k Rodrigo Vera 
490 0 |a Colección Entre Mares 
999 |c 339224  |d 339222 
952 |0 0  |1 0  |4 0  |6 861_000000000000000_MOR_2009  |7 0  |8 C  |9 432717  |a BIBCUR  |b BIBCUR  |d 2019-11-22  |i 4602587  |o 861 MOR 2009  |p 4602587  |r 2025-04-22  |w 2019-11-22  |y BK  |k CAC